ASEAN towards the 21st century : A thirty-year review of the Association of Southeast Asian Nations

Bibliographic Details
Main Author: Ranjit Gill
Format: Book
Published: London : ASEAN Academic Press , 1997
Subjects:

MARC

LEADER 00000cam a2200000 7i4500
001 0000000147
005 20000708.0
020 0 0 |a 1901919005 
090 0 0 |a 341.2473   |b ASEA 1997 
100 0 0 |a Ranjit Gill 
245 1 0 |a ASEAN towards the 21st century :   |b A thirty-year review of the Association of Southeast Asian Nations   |c Ranjit Gill; with a foreword by the secretary-general of ASEAN 
260 0 0 |a London :   |b ASEAN Academic Press ,   |c 1997 
300 |a 254 p. :   |b ill., maps ;   |c 23 cm. 
500 0 0 |a Includes index 
651 0 0 |a ASEAN   |x History 
651 0 0 |a Asia, Southeastern   |x Economic conditions 
651 0 0 |a Asia, Southeastern   |x Economic interpretations 
651 0 0 |a Asia, Southeastern   |x Economic policy 
999 |a 0000001347   |b Monograph   |c Open Shelf   |e Default branch